National Local Government Engineering Conference : preprints of papers.

Saved in:
Bibliographic Details
Corporate Authors: National Local Government Engineering Conference, Institution of Engineers, Australia. National Committee on Local Government Engineering, Australian Council of Local Government Engineers Associations
Format: Conference Proceeding
Language:English
Published: Barton, A.C.T. : Institution of Engineers, 1981-.
Series:National conference publication (Institution of Engineers, Australia)
LEADER 01698cas a22003495a 4500
001 c000232997
003 CARM
005 20070419103108.0
008 900322c19819999aca x 0 a0eng d
019 1 |a 6833655  |5 LACONCORD2021 
035 |a (OCoLC)220525910  |5 LACONCORD2021 
040 |a ANL-S  |b eng  |c ANL-S  |d NSL:D 
042 |a anuc 
111 2 |a National Local Government Engineering Conference. 
245 1 0 |a National Local Government Engineering Conference :  |b preprints of papers. 
246 3 4 |a National Conference on Local Government Engineering 
260 |a Barton, A.C.T. :  |b Institution of Engineers,  |c 1981-. 
300 |a v. :  |b ill. 
362 0 |a 1st (1981)- 
490 1 |a National conference publication (Institution of Engineers, Australia),  |x 0313-6922 
500 |a Cover title varies slightly from t.p. 
710 2 |a Institution of Engineers, Australia.  |b National Committee on Local Government Engineering 
710 2 |a Australian Council of Local Government Engineers Associations 
760 0 |t National conference publication (Institution of Engineers, Australia)  |x 0313-6922 
830 0 |a National conference publication (Institution of Engineers, Australia) 
852 8 |b CARM  |h A1:AP28C0  |i F01955  |p 0313038  |f SE 
852 8 |b CARM  |h A1:AP28C0  |i F01955  |p 0340986  |f SE 
866 0 |a 1(1981)-7(1993) 
866 0 |a 1(1981)-7(1993) 
999 f f |i 2f8e7cdc-f338-5562-a6f9-4aab6609b239  |s 54a1f9c0-3017-579b-bcd6-8420c8b29ce6 
952 f f |p Can circulate  |a CAVAL  |b CAVAL  |c CAVAL  |d CARM 1 Store  |e F01955  |f A1:AP28C0  |h Other scheme  |i book  |k 1(1981);3(1985)+2suppl.;5(1989)-7(1993)  |m 0313038 
952 f f |p Can circulate  |a CAVAL  |b CAVAL  |c CAVAL  |d CARM 1 Store  |e F01955  |f A1:AP28C0  |h Other scheme  |i book  |k 4(1987)  |m 0340986